00634nam a2200121Ia 4500001000700000008004100007100003400048245023900082260003200321300001000353502008500363650006400448Z_5517220601s9999 xx 000 0 und d aPulido Albores, Angel Rosendo aEstablecimiento de la metodología para el manejo óptimo de muestras de sangre y leche de ganado cebú (Bos indicus) destinadas a la determinación de progesterona por medio de radioinmunoanálisis / Angel Rosendo Pulido Albores aMéxico, D.F. : El autor,  a77 h. aTesis ( Mestro en Producción Animal) -- UNAM. Facultad de Medicina Veterinaria a1. Muestras de sangre 2. Sangre - Análisis y químicaÌ